| 000 | 00396nam a2200145Ia 4500 | ||
|---|---|---|---|
| 008 | 150201s2009 xx 000 0 und d | ||
| 082 |
_a617.6342 _bM2009K |
||
| 100 | _aKIDD,EAM | ||
| 245 | _aPICKARDS MANUAL OF OPERATIVE DENTISTRY | ||
| 250 | _a8TH | ||
| 260 |
_bOXFORD MEDICAL PUBLICATIONS _aOXFORD _c2009 |
||
| 300 | _a1-208 | ||
| 650 | _aCONSERVATIVE DENTISTRY & ENDODONTICS | ||
| 942 |
_2ddc _cBK |
||
| 999 |
_c4703 _d4703 |
||